000 01046nam a2200313Ia 4500
003 OSt
005 20221006155445.0
006 a|||||r|||| 00| 0
007 ta
008 221006b |||||||| |||| 00| 0 eng d
020 _a9780415551700
_c
_130.00
024 _a42,017
037 _bGift, Japan Chamber of Commerce and Industry in India
_cTextual
040 _aEASL
_cEASL
_beng
041 _2eng
_aeng
082 _aV41:1942,(D65,8(B)), Q1
100 _aVyas Utpal
_9669293
245 0 _aSoft power in Japan-China relations
_b State, sub-state and non-state relations
260 _aLondon
_bRoutledge U.K.
_c2011
300 _a226p.
_ccm.
490 _aRoutledge contemporary Asia series
650 _a CEL
650 _a Liberalism and neoliberalism
_9669294
650 _a Post- war
_9667583
650 _a Realism and neorealism
_9669295
650 _aJEL
942 _hV41:1942,(D65,8(B)), Q1
_cTEXL
_2CC
999 _c1110103
_d1110103